Tell el-Dabʻa IX : eine Plansiedlung des frühen Mittleren Reiches /

Saved in:

Main Author: Czerny, Ernst (Author)

Other Authors: Boessneck, Joachim., Driesch, Angela von den.

Format: Book

Language: German

Published: Wien : Verlag der Österreichischen Akademie der Wissenschaften, 1999.

Series: Untersuchungen der Zweigstelle Kairo des Österreichischen Archäologischen Institutes ; 15.
Denkschriften der Gesamtakademie ; 16.

Subjects:

Tags: Add Tag

No Tags, Be the first to tag this record!

Call Number: DT57 .O69 v.15

LEADER 01514namaa2200361 4500
001 5197
003 OSt
005 20260427132931.0
008 130303s1999 gw aef b 001 0 ger d
020 |a 3700127766 
020 |a 9783700127765 
035 |a ocm42821569 
040 |c ARCE Library 
043 |a f-ua--- 
050 4 |a DT57 .O69 v.15 
100 1 |a Czerny, Ernst,  |e author  |9 28517 
245 1 0 |a Tell el-Dabʻa IX :   |b eine Plansiedlung des frühen Mittleren Reiches /   |c Ernst Czerny ; mit einem Beitrag von J. Boessneck und A. von den Driesch. 
246 3 0 |a Plansiedlung des frühen Mittleren Reiches. 
264 1 |a Wien :  |b Verlag der Österreichischen Akademie der Wissenschaften,   |c 1999. 
300 |a 323 pages, 30 pages of plates (chiefly color) :   |b illustrations, plans ;   |c 31 cm. 
490 1 |a Untersuchungen der Zweigstelle Kairo des Österreichischen Archäologischen Institutes ;   |v 15. 
490 1 |a Denkschriften der Gesamtakademie ;   |v 16. 
504 |a Includes bibliographical references (pages 321-323) and index. 
650 0 |a Excavations (Archaeology)  |z Egypt  |z Ḍabʻah, Tall al- 
651 0 |a Ḍabʻah, Tall al- (Egypt)  |x Antiquities. 
651 0 |a Egypt  |x Antiquities. 
700 1 |a Boessneck, Joachim.  |9 26961 
700 1 |a Driesch, Angela von den.  |9 29220 
830 0 |a Untersuchungen der Zweigstelle Kairo des Österreichischen Archäologischen Institutes ;   |v 15. 
830 0 |a Denkschriften der Gesamtakademie ;   |v 16. 
901 |a reviewed 
942 |c BK  |2 lcc 
999 |c 5136  |d 5136